000
00287nam a2200109Ia 4500
008
200302s9999 xx 000 0 und d
100
_a
Council of Architecture
245
_a
Directory of Architects Tenth Edition 2013
260
_b
Council of Architecture
260
_c
2013
300
_a
1352
999
_c
3414
_d
3414